| 000 | 01130nam a2200313 i 4500 | ||
|---|---|---|---|
| 003 | EG-GICUC | ||
| 005 | 20260411153245.0 | ||
| 008 | 260411s1976 ua ||||fr|||| 000 0 ara d | ||
| 040 |
_a EG-GICUC _bara _c EG-GICUC _d EG-GICUC _erda |
||
| 041 | 0 | _aara | |
| 082 | 0 | 4 |
_221 _a343.254 _bن ص . و |
| 092 | 0 | 4 | _221 |
| 099 | _aLaw1 10 343.254 ن ص . و 1976 | ||
| 100 | 0 |
_aنصر فريد محمد واصل _eمؤلف. |
|
| 245 | 1 | 2 |
_aالوسيط في جريمتى الزنا والقذف / _cنصر فريد محمد واصل. |
| 250 | _aالطبعة الأولى. | ||
| 264 | 1 |
_a[القاهرة] : _bدار الكتاب الجامعى، _c1976. |
|
| 300 |
_a152 صفحة، صفحات غير مرقمة ؛ _c24 سم. |
||
| 336 |
_2rda content _atext |
||
| 337 |
_2rda media _aComputer |
||
| 338 |
_2rda carrier _aOnline Resource |
||
| 504 | _aيشتمل على إرجاعات ببليوجارفية. | ||
| 546 | _aالنص باللغة العربية | ||
| 650 | 1 |
_aالزنا. _2qrmak |
|
| 651 | 1 | _2qrmak | |
| 856 | 4 | 0 | _uhttps://fll.law.cu.edu.eg/fulltext/bks/B10-09080.pdf |
| 905 | _a62 | ||
| 942 |
_2ddc _n0 _cBK _e21 |
||
| 999 |
_c70103 _d70103 |
||